00687 2200277 4500001002100000005001500021007000300036020001800039035002000057041001700077082001700094084001500111090001500126100002500141245005500166250001000221264002900231300003000260336001500290337001300305338001500318504003000333650001400363850001000377990002200387INLIS00000000001342620250725124525ta a979-8020-69-3 a0010-0725000185 aSBPUPADbind 2[23]a320.01 a320.01 INU a320.01 INU aInu Kencana Syafiie: aPengantar Ilmu Pemerintahan /cInu Kencana Syafiie aCet.1 aJakarta :bEresco,c1992 a130 hlm :bilus. ;c21 cm 2rdacontent 2rdamedia 2rdacarrier abibiliografi, hlm 119-122 aPelajaran aPUPAD a39.213/S/DPK/2023